QUANTUM CHEMISTRY (Record no. 15860)

MARC details
000 -LEADER
fixed length control field 00325nam a22001577a 4500
003 - CONTROL NUMBER IDENTIFIER
control field SGT
020 ## - INTERNATIONAL STANDARD BOOK NUMBER
International Standard Book Number 9789332558533
082 ## - DEWEY DECIMAL CLASSIFICATION NUMBER
Item number LEV
100 ## - MAIN ENTRY--PERSONAL NAME
Personal name LEVINE IRA .N
245 ## - TITLE STATEMENT
Title QUANTUM CHEMISTRY
250 ## - EDITION STATEMENT
Edition statement 7TH
260 ## - PUBLICATION, DISTRIBUTION, ETC. (IMPRINT)
Name of publisher, distributor, etc PEARSON INDIA
Year of Publication 2018
300 ## - PAGE DESCRIPTION
No. of Pages 706
650 ## - SUBJECT ADDED ENTRY--TOPICAL TERM
Topical term or geographic name as entry element PHYSICAL SCIENCE
942 ## - ADDED ENTRY ELEMENTS (KOHA)
Source of classification or shelving scheme Dewey Decimal Classification
Koha item type Books
942 ## - ADDED ENTRY ELEMENTS (KOHA)
-- 2
Holdings
Withdrawn status Lost status Source of classification or shelving scheme Damaged status Not for loan Collection code Home library Current library Shelving location Date acquired Cost, normal purchase price SGTU Bill Number Total Checkouts Full call number Accession No. (Barcode) Date last seen Date last borrowed Bill Date Koha item type
    Dewey Decimal Classification     SCIENCE SGT Science & Social Sciences Library SGT Science & Social Sciences Library Text Book 28/08/2018 709.00 SGTU 10055 9 LEV PS4745 06/12/2022 21/11/2022 28/08/2018 Books
    Dewey Decimal Classification   Not For Loan SCIENCE SGT Science & Social Sciences Library SGT Science & Social Sciences Library Reference Book 28/08/2018 709.00 SGTU 10055   LEV PS4746 28/08/2018   28/08/2018 Books